Diccionario latino / (Registro nro. 12579)

Detalles MARC
000 -LEADER
campo de control de longitud fija 00947nam a2200277 i 4500
001 - NÚMERO DE CONTROL
campo de control 12579
003 - IDENTIFICADOR DE NÚMERO DE CONTROL
campo de control ES-MaACL
005 - FECHA Y HORA DE LA ÚLTIMA TRANSACCIÓN
campo de control 20230906150342.0
007 - CAMPO FIJO DE DESCRIPCIÓN FÍSICA--INFORMACIÓN GENERAL
campo de control de longitud fija t|
008 - DATOS DE LONGITUD FIJA--INFORMACIÓN GENERAL
campo de control de longitud fija 900302m1984 sp ||||0| spa
020 ## - NÚMERO INTERNACIONAL ESTÁNDAR DEL LIBRO
Número Internacional Estándar del Libro 84-00-05741-4
020 ## - NÚMERO INTERNACIONAL ESTÁNDAR DEL LIBRO
Número Internacional Estándar del Libro 84-00-06853-X
080 ## - NÚMERO DE LA CLASIFICACIÓN DECIMAL UNIVERSAL
Número de la Clasificación Decimal Universal 811.124'02-3=134.2
080 ## - NÚMERO DE LA CLASIFICACIÓN DECIMAL UNIVERSAL
Número de la Clasificación Decimal Universal 811.134.2-3=124'02
245 00 - MENCIÓN DEL TÍTULO
Título Diccionario latino /
Mención de responsabilidad, etc. redactado y compilado por C. Cantueso, S. Mariner ... [et al.].
260 ## - PUBLICACIÓN, DISTRIBUCIÓN, ETC.
Lugar de publicación, distribución, etc. Madrid :
Nombre del editor, distribuidor, etc. Instituto "Antonio de Nebrija" del CSIC,
Fecha de publicación, distribución, etc. 1984-1988.
300 ## - DESCRIPCIÓN FÍSICA
Extensión 2 v. ;
Dimensiones 31 cm.
505 8# - NOTA DE CONTENIDO CON FORMATO
Nota de contenido con formato Contiene: Fasc. 0 y 1
546 ## - NOTA DE IDIOMA
Nota de lengua/lenguaje Texto en español y latín.
650 #4 - PUNTO DE ACCESO ADICIONAL DE MATERIA--TÉRMINO DE MATERIA
Término de materia o nombre geográfico como elemento de entrada Lengua latina-
Subdivisión de forma Diccionarios-
Subdivisión general Español.
9 (RLIN) 14295
650 #4 - PUNTO DE ACCESO ADICIONAL DE MATERIA--TÉRMINO DE MATERIA
Término de materia o nombre geográfico como elemento de entrada Lengua española-
Subdivisión de forma Diccionarios-
Subdivisión general Latín.
9 (RLIN) 14144
700 1# - ENTRADA AGREGADA--NOMBRE PERSONAL
Nombre de persona Cantueso, Carmen.
9 (RLIN) 34699
700 1# - ENTRADA AGREGADA--NOMBRE PERSONAL
Nombre de persona Mariner Bigorra, Sebastián.
9 (RLIN) 76844
710 2# - ENTRADA AGREGADA--NOMBRE DE ENTIDAD CORPORATIVA
Nombre de entidad corporativa o nombre de jurisdicción como elemento de entrada Instituto Antonio de Nebrija.
9 (RLIN) 4795
852 4# - LOCALIZACIÓN
Ubicación ES-MaACL
Número de control de estantería 2288-F-16-17
Encuadernación Olim P-393
Existencias
Estatus retirado Estado de pérdida Estado de daño No para préstamo Colección Biblioteca de origen Biblioteca actual Ubicación en estantería Fecha de adquisición Fuente de adquisición Total de préstamos Signatura topográfica completa Código de barras Visto por última vez Precio de reemplazo Tipo de ítem Koha
        Colección de folletos Biblioteca del Ateneo de Madrid Biblioteca del Ateneo de Madrid Depósito folletos 17/01/2008     2288-F-16-17 1012815 23/02/2023 23/02/2023 Folleto